Stuck in the middle / (Record no. 3116)

MARC details
000 -LEADER
fixed length control field 01846cam a22004093a 4500
001 - CONTROL NUMBER
control field 3116
003 - CONTROL NUMBER IDENTIFIER
control field FISKH
005 - DATE AND TIME OF LATEST TRANSACTION
control field 20240207105635.0
008 - FIXED-LENGTH DATA ELEMENTS--GENERAL INFORMATION
fixed length control field 030506s2003 nyua j 000 1 eng d
010 ## - LIBRARY OF CONGRESS CONTROL NUMBER
LC control number 2004596446
020 ## - INTERNATIONAL STANDARD BOOK NUMBER
International Standard Book Number 0439409012 (pbk.) :
020 ## - INTERNATIONAL STANDARD BOOK NUMBER
International Standard Book Number 078073003990
035 ## - SYSTEM CONTROL NUMBER
System control number (OCoLC)ocm52187406
040 ## - CATALOGING SOURCE
Original cataloging agency EOW
Transcribing agency EOW
Modifying agency XWS
-- OCLCQ
-- DLC
Language of cataloging eng
042 ## - AUTHENTICATION CODE
Authentication code lccopycat
050 00 - LIBRARY OF CONGRESS CALL NUMBER
Classification number CPB Box no. 2204 vol. 22
082 ## - DEWEY DECIMAL CLASSIFICATION NUMBER
Classification number 105
100 1# - MAIN ENTRY--PERSONAL NAME
Personal name Lanier, Bob,
Dates associated with a name 1948-
245 10 - TITLE STATEMENT
Title Stuck in the middle /
Statement of responsibility, etc. by Bob Lanier and Heather Goodyear ; illustrated by Desire Grover.
260 ## - PUBLICATION, DISTRIBUTION, ETC.
Place of publication, distribution, etc. New York :
Name of publisher, distributor, etc. Scholastic,
Date of publication, distribution, etc. 2003.
300 ## - PHYSICAL DESCRIPTION
Extent 71 pages :
Other physical details illustrations ;
Dimensions 20 cm
490 0# - SERIES STATEMENT
Series statement Hey L'il D! ;
Volume/sequential designation Book 3
500 ## - GENERAL NOTE
General note "A Little apple paperback."
505 ## - FORMATTED CONTENTS NOTE
Formatted contents note P<br/>
520 ## - SUMMARY, ETC.
Summary, etc. Little Apple shoots and scores with these new early chapter books! Loosely based on NBA all-star Bob Lanier's childhood adventures, the series teaches valuable life lessons through amusing stories. Sam has always played basketball with L'il Dobber and his friends. This girl's got game. And it's really like she's just one of the guys. So the gang doesn't know what to make of it when all of a sudden Sam starts caring about make-up and clothes. And at recess, sometimes she wants to hang out and gossip with the girls! Sam is torn. She wants to chill with her new friends AND play basketball. But can she have it both ways?
521 8# - TARGET AUDIENCE NOTE
Target audience note 640<br/>
Source Lexile<br/>
521 8# - TARGET AUDIENCE NOTE
Target audience note P<br/>
Source Raz-Plus<br/>
650 #0 - SUBJECT ADDED ENTRY--TOPICAL TERM
Topical term or geographic name entry element Schools
Form subdivision Fiction.
650 #0 - SUBJECT ADDED ENTRY--TOPICAL TERM
Topical term or geographic name entry element Friendship
Form subdivision Fiction.
650 #0 - SUBJECT ADDED ENTRY--TOPICAL TERM
Topical term or geographic name entry element Basketball stories.
655 #7 - INDEX TERM--GENRE/FORM
Genre/form data or focus term Children's stories.
Source of term lcsh
655 #7 - INDEX TERM--GENRE/FORM
Genre/form data or focus term Sports stories.
Source of term lcsh
700 1# - ADDED ENTRY--PERSONAL NAME
Personal name Goodyear, Heather.
Relator term Author
700 1# - ADDED ENTRY--PERSONAL NAME
Personal name Grover, Desire.
Relator term illustrator
906 ## - LOCAL DATA ELEMENT F, LDF (RLIN)
a 7
b cbc
c copycat
d 2
e ncip
f 20
g y-genrareb
942 ## - ADDED ENTRY ELEMENTS (KOHA)
Source of classification or shelving scheme Dewey Decimal Classification
Koha item type Books
Suppress in OPAC No
Holdings
Withdrawn status Lost status Source of classification or shelving scheme Damaged status Not for loan Collection Home library Current library Shelving location Date acquired Total Checkouts Full call number Barcode Date last seen Price effective from Koha item type
    Dewey Decimal Classification     Juvenile Fiction Footprints International School Library Network Toul Kork Campus Footprints International School Library Network Toul Kork Campus TK Primary Library Room(4th Floor), Bookcase 3&4, Shelves 17-32, Yellow Books 02/07/2024   LAN 105 FISTK00199 02/07/2024 02/07/2024 Books